[Event "26th WSCC 2016 Open 50+"]
[Site "Marianske Lazne, Czech Republic - Hotel Cristal and Continental"]
[Date "2016.11.23"]
[Round "5.45"]
[White "Malinovsky, Petr"]
[Black "Vepkhvishvili, Varlam"]
[Result "1-0"]
[WhiteElo "1957"]
[BlackElo "2086"]
[PlyCount "89"]
[EventDate "2016.11.19"]

1. d4 Nf6 2. c4 g6 3. Nc3 Bg7 4. e4 d6 5. f3 c6 6. Be3 a6 7. c5 dxc5 8. dxc5
Nbd7 9. Nh3 O-O 10. Nf2 a5 11. Na4 e5 12. Bc4 Qe7 13. Qd2 Nh5 14. Rd1 Nf4 15.
Nd3 Ne6 16. O-O Kh8 17. Rfe1 f5 18. exf5 gxf5 19. b3 e4 20. fxe4 fxe4 21. Bxe6
Qxe6 22. Nf2 Qg6 23. Qd6 Rf6 24. Qg3 Qf5 25. Qg5 Ne5 26. Rd8+ Rf8 27. Nb6 Qxg5
28. Bxg5 Rb8 29. Rxf8+ Bxf8 30. Bf6+ Bg7 31. Bxe5 Bxe5 32. Rxe4 Bxh2+ 33. Kxh2
Bf5 34. Re7 Bb1 35. a3 Bc2 36. b4 axb4 37. axb4 Rd8 38. Rxb7 Rd4 39. Nc8 Ba4
40. Nd6 h5 41. Nfe4 Bc2 42. Nf6 h4 43. b5 cxb5 44. Nxb5 Rf4 45. Rb8+ 1-0

[Event "26th WSCC 2016 Open 50+"]
[Site "Marianske Lazne, Czech Republic - Hotel Cristal and Continental"]
[Date "2016.11.23"]
[Round "5.46"]
[White "Sielicki, Tomasz"]
[Black "Hewson, Brian Wr"]
[Result "1-0"]
[WhiteElo "1947"]
[BlackElo "2083"]
[PlyCount "33"]
[EventDate "2016.11.19"]

1. d4 d5 2. c4 c6 3. cxd5 cxd5 4. Nc3 e6 5. Bf4 Qb6 6. e3 Qxb2 7. Bb5+ Bd7 8.
Nge2 Bb4 9. O-O Bxc3 10. Rb1 Qa3 11. Nxc3 Qxc3 12. Rc1 Qa5 13. Rc8+ Ke7 14.
Bxd7 Kxd7 15. Qc2 Nc6 16. Rxa8 Qa6 17. Qc5 1-0

[Event "26th WSCC 2016 Open 50+"]
[Site "Marianske Lazne, Czech Republic - Hotel Cristal and Continental"]
[Date "2016.11.23"]
[Round "5.47"]
[White "Giulian, Rosemary A"]
[Black "Yasin, Hur"]
[Result "0-1"]
[WhiteElo "1932"]
[BlackElo "2075"]
[PlyCount "102"]
[EventDate "2016.11.19"]

1. e4 c5 2. c3 d5 3. exd5 Qxd5 4. d4 Nf6 5. Nf3 e6 6. Bd3 Nc6 7. O-O Be7 8.
dxc5 Bxc5 9. Qe2 O-O 10. b4 Be7 11. c4 Qh5 12. a3 b6 13. Nbd2 Bb7 14. Bb2 a5
15. b5 Nb8 16. Ne4 Nbd7 17. Ng3 Bxf3 18. Nxh5 Bxe2 19. Bxe2 Nxh5 20. Bxh5 Bf6
21. Bxf6 gxf6 22. f4 Rfc8 23. Rfd1 Ra7 24. Rd4 Kf8 25. Rad1 Rcc7 26. Bf3 Ke7
27. Kf2 f5 28. Bc6 Nb8 29. Bf3 Rd7 30. Ke3 Rxd4 31. Rxd4 Rd7 32. h3 Rxd4 33.
Kxd4 Nd7 34. Bc6 Nc5 35. g4 fxg4 36. hxg4 h6 37. Bf3 Kd6 38. g5 hxg5 39. fxg5
e5+ 40. Ke3 Ne6 41. g6 fxg6 42. Be2 Nc5 43. Kf3 Ke6 44. Kg4 Kf6 45. Bd1 g5 46.
Kf3 e4+ 47. Kg4 Ne6 48. Kg3 Ke5 49. Bg4 Nc5 50. Be2 Kd4 51. Kf2 Nd3+ 0-1

[Event "26th WSCC 2016 Open 50+"]
[Site "Marianske Lazne, Czech Republic - Hotel Cristal and Continental"]
[Date "2016.11.23"]
[Round "5.48"]
[White "Elias, Miroslav"]
[Black "Shashidhar, B Rai"]
[Result "1/2-1/2"]
[WhiteElo "2043"]
[BlackElo "1306"]
[PlyCount "152"]
[EventDate "2016.11.19"]

1. e4 c5 2. b3 d6 3. Bb2 e6 4. Nf3 Nf6 5. Nc3 Nc6 6. Bb5 Bd7 7. O-O Be7 8. d4
cxd4 9. Nxd4 O-O 10. Re1 Nxd4 11. Qxd4 e5 12. Qd2 Bxb5 13. Nxb5 a6 14. Na3 Qc7
15. c4 Rfd8 16. Nc2 Rac8 17. Rac1 b6 18. g3 Qb7 19. f3 b5 20. Ne3 g6 21. Ba3
Bf8 22. Nd5 Nxd5 23. cxd5 Rxc1 24. Rxc1 Rc8 25. Kg2 Rc7 26. Bb4 Qc8 27. Rc3
Rxc3 28. Qxc3 Qxc3 29. Bxc3 Be7 30. f4 f6 31. Kf3 Kf7 32. Bb4 h5 33. h3 Ke8 34.
g4 hxg4+ 35. Kxg4 Kf7 36. f5 g5 37. Kh5 Kg7 38. Ba5 Kh7 39. h4 gxh4 40. Kxh4
Kg7 41. Kh5 Kh7 42. Bb6 Bf8 43. a4 bxa4 44. bxa4 Be7 45. Kg4 Kh6 46. Be3+ Kh7
47. Kf3 Bd8 48. Ke2 Kg7 49. Kd3 Kf7 50. Kc4 Ke7 51. Kb4 Kd7 52. Bh6 Ke8 53. Bg7
Kf7 54. Bh6 Ke8 55. Kc4 Kf7 56. Bd2 Ke7 57. Bb4 Kd7 58. Kd3 Be7 59. Ke2 Ke8 60.
Kf3 Kf7 61. Ba5 Kg8 62. Bc7 Kh7 63. Bb6 Kh6 64. Kg4 Kh7 65. Kh5 Bf8 66. Bd8 Kg7
67. Kg4 Kf7 68. Kf3 Be7 69. Bb6 Kg7 70. Ke2 Kf7 71. Kd3 Ke8 72. Kc4 Kd7 73. Kb4
Kc8 74. Be3 Bd8 75. Bh6 Kd7 76. Bf8 Bc7 1/2-1/2

[Event "26th WSCC 2016 Open 50+"]
[Site "Marianske Lazne, Czech Republic - Hotel Cristal and Continental"]
[Date "2016.11.23"]
[Round "5.49"]
[White "Mazzamuto, Nicola"]
[Black "Juricek, Stanislav"]
[Result "0-1"]
[WhiteElo "1903"]
[BlackElo "2043"]
[PlyCount "106"]
[EventDate "2016.11.19"]

1. Nf3 Nf6 2. d4 e6 3. Bg5 c5 4. e3 d5 5. c3 Nbd7 6. Bd3 Be7 7. Nbd2 b6 8. O-O
Bb7 9. Re1 O-O 10. e4 dxe4 11. Nxe4 Nxe4 12. Bxe7 Qxe7 13. Bxe4 Bxe4 14. Rxe4
Nf6 15. Re2 Rfd8 16. Qb3 Qc7 17. dxc5 bxc5 18. Qc4 Qb6 19. Rae1 Rd5 20. Ne5
Rad8 21. Qf4 Qa6 22. g4 Rd1 23. Qf3 h6 24. h4 Rxe1+ 25. Rxe1 Rf8 26. g5 hxg5
27. hxg5 Nh7 28. Nd7 Nxg5 29. Qg2 Rd8 30. Nxc5 Qb5 31. Qxg5 Rd5 32. Qe3 Rxc5
33. f4 Rd5 34. b3 Qd7 35. Re2 Rd1+ 36. Kf2 Rd3 37. Qc5 Qd8 38. Re3 Rd2+ 39. Re2
Qh4+ 40. Ke3 Rd5 41. Qc8+ Rd8 42. Qxd8+ Qxd8 43. Rd2 Qc7 44. c4 Kf8 45. Rd4 Ke7
46. b4 f5 47. c5 g5 48. fxg5 Qg3+ 49. Kd2 Qxg5+ 50. Kc3 Qc1+ 51. Kb3 f4 52. Rc4
Qb1+ 53. Kc3 f3 0-1

[Event "26th WSCC 2016 Open 50+"]
[Site "Marianske Lazne, Czech Republic - Hotel Cristal and Continental"]
[Date "2016.11.23"]
[Round "5.50"]
[White "Bartonicek, Zdenek"]
[Black "Sykora, Ondrej"]
[Result "0-1"]
[WhiteElo "1894"]
[BlackElo "2179"]
[PlyCount "98"]
[EventDate "2016.11.19"]

1. e4 e5 2. Nf3 Nc6 3. Bb5 a6 4. Ba4 Nf6 5. O-O b5 6. Bb3 Be7 7. c3 O-O 8. d4
d6 9. Qd3 exd4 10. cxd4 Nb4 11. Qd2 c5 12. a3 Nc6 13. d5 Nxe4 14. Qf4 Na5 15.
Bc2 Nf6 16. b4 Nc4 17. Nbd2 Nxd2 18. Bxd2 Nh5 19. Qe4 g6 20. Qe3 Bf6 21. Rae1
Bg4 22. bxc5 dxc5 23. Be4 Qd6 24. h3 Bxf3 25. Bxf3 Ng7 26. g4 Rae8 27. Qh6 Rxe1
28. Rxe1 Re8 29. Rxe8+ Nxe8 30. Bf4 Be5 31. Bxe5 Qxe5 32. Qd2 Qd6 33. h4 Qf6
34. Kg2 Nd6 35. Qa5 Nc4 36. Qc7 Qd6 37. Qb7 Nxa3 38. g5 Nc4 39. h5 Qd8 40. Qxa6
Qxg5+ 41. Kh1 Qf4 42. Bg2 Nd6 43. Kg1 gxh5 44. Qc6 c4 45. Bh3 Kg7 46. Bd7 b4
47. Be6 c3 48. Bxf7 Qxf7 49. Qxd6 Qg6+ 0-1

[Event "26th WSCC 2016 Open 50+"]
[Site "Marianske Lazne, Czech Republic - Hotel Cristal and Continental"]
[Date "2016.11.23"]
[Round "5.51"]
[White "Kainz, Josef"]
[Black "Christiansen, Arne"]
[Result "1/2-1/2"]
[WhiteElo "1907"]
[BlackElo "2133"]
[PlyCount "96"]
[EventDate "2016.11.19"]

1. d4 Nf6 2. c4 e6 3. g3 d5 4. Nf3 Be7 5. Bg2 O-O 6. O-O c6 7. b3 Nbd7 8. Nc3
Bd6 9. Bb2 Qe7 10. Re1 Bb4 11. Nd2 dxc4 12. bxc4 e5 13. d5 cxd5 14. cxd5 Nc5
15. a3 Bxc3 16. Bxc3 Bf5 17. e4 Bg6 18. f3 Rfc8 19. Re3 Nfd7 20. Bf1 f6 21. a4
Be8 22. Bb4 Qd8 23. Nc4 Na6 24. Ba3 Nb6 25. Nd6 Bxa4 26. Qe1 Rc7 27. Nxb7 Rxb7
28. Bxa6 Rc7 29. Rc3 Rxc3 30. Qxc3 Bd7 31. Kg2 Bc8 32. Bb5 Bd7 33. Ba6 Bc8 34.
Bd3 Bd7 35. Bb4 Qc8 36. Qb3 Kf7 37. Ra2 Kg6 38. Ba6 Qd8 39. Bb7 Rb8 40. Rxa7
Ba4 41. Qa3 Qd7 42. Rxa4 Qxa4 43. Bc6 Qxa3 44. Bxa3 Kf7 45. f4 Nc4 46. Bc5 Rc8
47. Bb4 Rb8 48. Bc5 Rc8 1/2-1/2

[Event "26th WSCC 2016 Open 50+"]
[Site "Marianske Lazne, Czech Republic - Hotel Cristal and Continental"]
[Date "2016.11.23"]
[Round "5.52"]
[White "Robertson, Ian C"]
[Black "Sladek, Jaroslav"]
[Result "0-1"]
[WhiteElo "2127"]
[BlackElo "1881"]
[PlyCount "40"]
[EventDate "2016.11.19"]

1. d4 d5 2. Nf3 Bf5 3. e3 c6 4. c4 e6 5. Nc3 Nd7 6. Be2 h6 7. O-O Ngf6 8. a3
Bd6 9. Nd2 Ne4 10. Ndxe4 dxe4 11. f3 Qh4 12. f4 h5 13. Bd2 Qe7 14. Qc2 Nf6 15.
b4 g5 16. fxg5 Bxh2+ 17. Kxh2 Ng4+ 18. Bxg4 hxg4+ 19. Kg3 Qxg5 20. Rh1 Rh3+ 0-1

[Event "26th WSCC 2016 Open 50+"]
[Site "Marianske Lazne, Czech Republic - Hotel Cristal and Continental"]
[Date "2016.11.23"]
[Round "5.53"]
[White "Prueske, Wolfgang"]
[Black "Koblasa, Josef"]
[Result "1/2-1/2"]
[WhiteElo "2093"]
[BlackElo "1896"]
[PlyCount "104"]
[EventDate "2016.11.19"]

1. e4 d6 2. d4 Nf6 3. Nc3 g6 4. f4 Bg7 5. Nf3 O-O 6. Bd3 c5 7. d5 e6 8. O-O
exd5 9. exd5 Nbd7 10. Re1 Nb6 11. f5 c4 12. fxg6 cxd3 13. gxh7+ Nxh7 14. Qxd3
Qf6 15. Ne4 Qg6 16. Nh4 Qg4 17. g3 Bf5 18. Nf6+ Nxf6 19. Nxf5 Qc4 20. Qf3 Qg4
21. Qd3 Kh8 22. Bf4 Nbxd5 23. Bxd6 Rfd8 24. h3 Qg6 25. Qf3 Rac8 26. Re2 Ne8 27.
Be5 Bxe5 28. Rxe5 Ndf6 29. Ne7 Qxc2 30. Nxc8 Qxb2 31. Rae1 Qd4+ 32. Kg2 Rxc8
33. R1e2 Kg7 34. g4 Rc1 35. Qe3 Qxe3 36. R5xe3 Nd6 37. Kg3 Rg1+ 38. Kh4 Kg6 39.
Re5 Rf1 40. Rg5+ Kh6 41. Ra5 Kg6 42. Rxa7 Nfe4 43. Rxe4 Nxe4 44. Rxb7 Rf3 45.
Rb3 Rf2 46. Rb4 Re2 47. Rb6+ f6 48. Rb4 Re1 49. Rc4 Re3 50. Rb4 Re2 51. Rc4 Nd2
52. Rb4 Ne4 1/2-1/2

[Event "26th WSCC 2016 Open 50+"]
[Site "Marianske Lazne, Czech Republic - Hotel Cristal and Continental"]
[Date "2016.11.23"]
[Round "5.54"]
[White "Semakoff, Aleks"]
[Black "Serafim Junior, Arnor"]
[Result "1-0"]
[WhiteElo "2084"]
[BlackElo "1846"]
[PlyCount "137"]
[EventDate "2016.11.19"]

1. e4 c5 2. Nf3 e6 3. d3 Nc6 4. g3 Nf6 5. Bg2 Be7 6. O-O d6 7. c3 O-O 8. Re1
Qc7 9. d4 cxd4 10. cxd4 d5 11. e5 Ne4 12. Nbd2 Bb4 13. Re2 Bxd2 14. Bxd2 b6 15.
Be3 Ba6 16. Rc2 Qd7 17. Rac1 Rac8 18. Ne1 f6 19. f3 Ng5 20. exf6 gxf6 21. Bxg5
fxg5 22. Qd2 h6 23. Nd3 Qd6 24. Qe3 Ne7 25. Ne5 Nf5 26. Qd2 Kg7 27. Rc6 Qe7 28.
Bf1 Bb7 29. R6c2 Rxc2 30. Rxc2 Rc8 31. Rxc8 Bxc8 32. Qc3 Bb7 33. Bh3 Kf6 34.
Bxf5 exf5 35. Kf2 Qd8 36. Ke3 Qd6 37. f4 g4 38. Kf2 Qd8 39. Qa3 a6 40. Qc3 Qd6
41. b4 Qd8 42. a3 Qc8 43. Qxc8 Bxc8 44. Ke3 Ke6 45. Kd3 Bd7 46. Kc3 Ba4 47. Nd3
Bb5 48. Nb2 Be2 49. Na4 Bb5 50. Nxb6 Kd6 51. a4 Bf1 52. a5 Kc6 53. Na4 Kb5 54.
Nc5 Kc6 55. Ne6 Bg2 56. Nd8+ Kd7 57. Nf7 h5 58. Ne5+ Ke6 59. b5 Bf1 60. b6 Kd6
61. Kb4 Bb5 62. b7 Kc7 63. Kc5 Ba4 64. Kxd5 Bb3+ 65. Kc5 Kxb7 66. d5 Ba4 67.
Kd6 Bc2 68. Nd7 Kc8 69. Nc5 1-0

[Event "26th WSCC 2016 Open 50+"]
[Site "Marianske Lazne, Czech Republic - Hotel Cristal and Continental"]
[Date "2016.11.23"]
[Round "5.55"]
[White "Meier, Franz"]
[Black "Siebenburger, Vlastimil"]
[Result "0-1"]
[WhiteElo "1859"]
[BlackElo "2048"]
[PlyCount "78"]
[EventDate "2016.11.19"]

1. e4 c5 2. c3 e6 3. d4 d5 4. e5 Nc6 5. Nf3 Qb6 6. Bd3 Bd7 7. O-O cxd4 8. cxd4
Nxd4 9. Ng5 Nc6 10. Re1 Be7 11. Nc3 Nh6 12. Nxd5 exd5 13. e6 Bxe6 14. Nxe6 fxe6
15. Bxh6 gxh6 16. Qh5+ Kd7 17. Qxh6 Nd8 18. a4 a6 19. Bf5 Rf8 20. Bh3 Qxf2+ 21.
Kh1 Rf6 22. Qh5 Bd6 23. Qxd5 Qf4 24. g3 Qf3+ 25. Qxf3 Rxf3 26. Re2 Rc8 27. Rd1
Rf6 28. Red2 Nf7 29. Bg2 Rc7 30. Rd3 Ke7 31. Rb3 Rf2 32. Rxb7 Rxb7 33. Bxb7 a5
34. b3 Rb2 35. Rd3 Ne5 36. Rc3 Ng4 37. h3 Nf2+ 38. Kg1 Nxh3+ 39. Kf1 Rf2+ 0-1

[Event "26th WSCC 2016 Open 50+"]
[Site "Marianske Lazne, Czech Republic - Hotel Cristal and Continental"]
[Date "2016.11.23"]
[Round "5.56"]
[White "Vasse, Albert"]
[Black "Dobes, Ludek"]
[Result "1/2-1/2"]
[WhiteElo "1826"]
[BlackElo "2038"]
[PlyCount "47"]
[EventDate "2016.11.19"]

1. e4 c5 2. d4 cxd4 3. c3 dxc3 4. Nxc3 Nc6 5. Nf3 d6 6. Bc4 e6 7. O-O Nf6 8.
Qe2 Be7 9. Rd1 e5 10. h3 a6 11. b4 O-O 12. b5 axb5 13. Nxb5 Ne8 14. Bb2 Qb6 15.
Ba3 Na5 16. Bd5 Nc7 17. Nxd6 Qa6 18. Qxa6 Rxa6 19. Bb3 Nxb3 20. axb3 Be6 21.
Nxe5 Bxb3 22. Rdb1 Rxa3 23. Rxa3 Bxd6 24. Raxb3 1/2-1/2

[Event "26th WSCC 2016 Open 50+"]
[Site "Marianske Lazne, Czech Republic - Hotel Cristal and Continental"]
[Date "2016.11.23"]
[Round "5.58"]
[White "Spiess, Thomas"]
[Black "Hajsman, Ladislav"]
[Result "1-0"]
[WhiteElo "1999"]
[BlackElo "1784"]
[PlyCount "59"]
[EventDate "2016.11.19"]

1. Nf3 c5 2. e4 d6 3. d4 cxd4 4. Nxd4 Nf6 5. f3 Nc6 6. c4 e5 7. Nc2 Be7 8. Nc3
Be6 9. Be2 Rc8 10. O-O O-O 11. Be3 Qd7 12. Qd2 Rfd8 13. Rfd1 b6 14. Rac1 Qb7
15. Bf1 Ne8 16. Nd5 Bxd5 17. cxd5 Nb8 18. Nb4 Rxc1 19. Rxc1 Rc8 20. Bb5 h6 21.
Rc3 Rxc3 22. Qxc3 Nc7 23. Bc6 Nxc6 24. dxc6 Qc8 25. Nd5 Kf8 26. a4 Bd8 27. Qc4
Ne6 28. b4 Nd4 29. Bxd4 exd4 30. b5 1-0

[Event "26th WSCC 2016 Open 50+"]
[Site "Marianske Lazne, Czech Republic - Hotel Cristal and Continental"]
[Date "2016.11.23"]
[Round "5.59"]
[White "Koblizek, Lubomir"]
[Black "Borovicka, Bohumil"]
[Result "1/2-1/2"]
[WhiteElo "1811"]
[BlackElo "1991"]
[PlyCount "41"]
[EventDate "2016.11.19"]

1. d4 d5 2. c4 c5 3. dxc5 Nf6 4. e3 e6 5. Nc3 Bxc5 6. Nf3 Nc6 7. Be2 O-O 8. O-O
a6 9. a3 dxc4 10. Bxc4 b5 11. Ba2 Qe7 12. b4 Bb6 13. Bb2 Rd8 14. Qe2 Bb7 15.
Rad1 Rxd1 16. Rxd1 Rd8 17. Rxd8+ Qxd8 18. Bb1 h6 19. Ne4 Nxe4 20. Bxe4 Qd7 21.
Qd3 1/2-1/2

[Event "26th WSCC 2016 Open 50+"]
[Site "Marianske Lazne, Czech Republic - Hotel Cristal and Continental"]
[Date "2016.11.23"]
[Round "5.60"]
[White "Krutina, Miroslav"]
[Black "Laloucek, Miroslav"]
[Result "1-0"]
[WhiteElo "1983"]
[BlackElo "1771"]
[PlyCount "81"]
[EventDate "2016.11.19"]

1. Nf3 d5 2. c4 Nf6 3. g3 c6 4. Bg2 dxc4 5. Qc2 g6 6. Na3 Bf5 7. Qxc4 Bg7 8.
O-O O-O 9. d3 Nbd7 10. Qb3 Qb6 11. Qc2 Qc5 12. Nc4 Be6 13. Ng5 Bxc4 14. Be3
Bxd3 15. Qxd3 Qd6 16. Qc2 Qc7 17. Rac1 Nb6 18. b4 Nbd5 19. Bd2 a6 20. e4 Nb6
21. Be3 e6 22. f4 Rfd8 23. h3 Rd7 24. Qc5 Na4 25. Qc2 Nb6 26. Qc5 Nc8 27. Qc2
Ne7 28. Nf3 Rad8 29. Ne5 Rd6 30. Nc4 Nh5 31. Nxd6 Nxg3 32. Rf3 Nxe4 33. Nxe4
Nd5 34. Bc5 Nxf4 35. Rd1 Nd5 36. Ng5 Rd7 37. Ne4 b6 38. Bf2 Nxb4 39. Rxd7 Qxd7
40. Qb3 Nd5 41. Rd3 1-0

[Event "26th WSCC 2016 Open 50+"]
[Site "Marianske Lazne, Czech Republic - Hotel Cristal and Continental"]
[Date "2016.11.23"]
[Round "5.61"]
[White "Simon, Petr"]
[Black "Petras, Milan"]
[Result "0-1"]
[WhiteElo "1681"]
[BlackElo "1969"]
[PlyCount "92"]
[EventDate "2016.11.19"]

1. e4 e6 2. d4 d5 3. Nd2 c5 4. c3 Nc6 5. exd5 Qxd5 6. Ndf3 cxd4 7. Nxd4 Nxd4 8.
Qxd4 Qxd4 9. cxd4 Bb4+ 10. Bd2 Bxd2+ 11. Kxd2 Ne7 12. Bb5+ Bd7 13. Bxd7+ Kxd7
14. Nf3 f6 15. Rac1 Rac8 16. Rxc8 Rxc8 17. Rc1 Nc6 18. a3 g5 19. h3 h5 20. Ke3
Rh8 21. Nd2 Ne7 22. Ne4 Nd5+ 23. Kf3 b6 24. Nc3 Rc8 25. Ne2 Re8 26. Nc3 a6 27.
Ne4 Rg8 28. Nc3 Nf4 29. Rd1 Nd5 30. Rc1 g4+ 31. hxg4 hxg4+ 32. Ke4 Nxc3+ 33.
Rxc3 Kd6 34. b3 f5+ 35. Ke3 Kd5 36. Rc2 Kd6 37. Rc1 Rh8 38. Rc2 Rh1 39. a4 Rb1
40. Rc3 a5 41. g3 Rb2 42. f3 Rg2 43. Kf4 Rf2 44. Re3 Rf1 45. b4 axb4 46. Rb3
Rxf3+ 0-1

[Event "26th WSCC 2016 Open 50+"]
[Site "Marianske Lazne, Czech Republic - Hotel Cristal and Continental"]
[Date "2016.11.23"]
[Round "5.62"]
[White "Horak, Vladimir"]
[Black "Svoboda, Frantisek"]
[Result "1-0"]
[WhiteElo "1961"]
[BlackElo "1701"]
[PlyCount "51"]
[EventDate "2016.11.19"]

1. d4 Nf6 2. Nf3 e6 3. Nbd2 d5 4. e3 Bd6 5. Bd3 b6 6. e4 dxe4 7. Nxe4 Bb7 8.
Nxd6+ cxd6 9. O-O O-O 10. Bg5 Nbd7 11. Re1 Re8 12. Bb5 Re7 13. c3 a6 14. Ba4 b5
15. Bc2 Rc8 16. Nd2 h6 17. Bh4 g5 18. Bg3 Nf8 19. h4 N8h7 20. hxg5 hxg5 21. f4
gxf4 22. Bxf4 Rd7 23. Re3 Qe7 24. Rg3+ Kh8 25. Bxh7 Kxh7 26. Kf2 1-0

[Event "26th WSCC 2016 Open 50+"]
[Site "Marianske Lazne, Czech Republic - Hotel Cristal and Continental"]
[Date "2016.11.23"]
[Round "5.63"]
[White "Macek, Oldrich"]
[Black "Valet, Richard"]
[Result "1/2-1/2"]
[WhiteElo "1677"]
[BlackElo "1943"]
[PlyCount "65"]
[EventDate "2016.11.19"]

1. e4 c5 2. Nf3 Nc6 3. d4 cxd4 4. Nxd4 Nf6 5. Nc3 e5 6. Ndb5 d6 7. Bg5 a6 8.
Na3 b5 9. Bxf6 gxf6 10. Nd5 Bg7 11. c3 f5 12. Bd3 Be6 13. Nxb5 axb5 14. Bxb5
Rc8 15. Nb4 Bd7 16. Qxd6 Nxb4 17. Qxb4 Bxb5 18. Qxb5+ Qd7 19. Qxd7+ Kxd7 20.
exf5 Rb8 21. O-O-O+ Kc6 22. Rhe1 Rb7 23. Re4 Rhb8 24. b3 Ra7 25. Kb2 f6 26.
Rc4+ Kb7 27. Rd7+ Ka8 28. Rxa7+ Kxa7 29. Ra4+ Kb6 30. Rb4+ Kc7 31. Rc4+ Kb6 32.
Rb4+ Kc7 33. Rc4+ 1/2-1/2

[Event "26th WSCC 2016 Open 50+"]
[Site "Marianske Lazne, Czech Republic - Hotel Cristal and Continental"]
[Date "2016.11.23"]
[Round "5.64"]
[White "Privoznik, Lubos"]
[Black "Hrabal, Ivan"]
[Result "0-1"]
[WhiteElo "1652"]
[BlackElo "1932"]
[PlyCount "56"]
[EventDate "2016.11.19"]

1. e4 c6 2. d4 d5 3. Nc3 dxe4 4. Nxe4 Nd7 5. Bc4 Ngf6 6. Qf3 Nb6 7. Nxf6+ exf6
8. Qe4+ Be7 9. Bd3 f5 10. Qf4 O-O 11. Ne2 Bf6 12. Bd2 g6 13. h4 Re8 14. O-O-O
h5 15. Rh3 Nd5 16. Qh2 f4 17. Nxf4 Bxh3 18. Nxh3 Bxh4 19. c4 Nb6 20. Bb4 Qf6
21. Qd6 Qg7 22. Qf4 Bf6 23. Bc3 Rad8 24. g4 hxg4 25. Qxg4 Bxd4 26. Bxd4 Rxd4
27. Qf3 Nxc4 28. Ng5 Rxd3 0-1

[Event "26th WSCC 2016 Open 50+"]
[Site "Marianske Lazne, Czech Republic - Hotel Cristal and Continental"]
[Date "2016.11.23"]
[Round "5.65"]
[White "Wolff, Peter"]
[Black "Maly, Petr"]
[Result "1-0"]
[WhiteElo "1912"]
[BlackElo "1667"]
[PlyCount "109"]
[EventDate "2016.11.19"]

1. c4 Nf6 2. g3 e5 3. Bg2 c6 4. d4 e4 5. Nc3 d5 6. cxd5 cxd5 7. Bg5 Be6 8. Qb3
Qd7 9. Bxf6 gxf6 10. e3 Nc6 11. Nge2 Bh6 12. Qa3 Bf8 13. Qa4 Bb4 14. a3 Bxc3+
15. Nxc3 O-O 16. O-O Rfd8 17. Rfc1 Rac8 18. Rc2 a6 19. Rac1 Ne7 20. Qb4 Rc4 21.
Qb3 Rdc8 22. Bf1 R4c7 23. Qa2 Kf8 24. b4 Bh3 25. Bxh3 Qxh3 26. Na4 Rxc2 27.
Rxc2 Rxc2 28. Qxc2 Qd7 29. Nb6 Qd6 30. Qc5 Qxc5 31. Nd7+ Ke8 32. Nxc5 b6 33.
Nxa6 Kd7 34. b5 Nc8 35. Nb4 Ke6 36. a4 Nd6 37. Kg2 Nc4 38. Na2 f5 39. Kh3 Nd6
40. Kh4 Ne8 41. Kg5 Nf6 42. h3 Ng8 43. Nb4 f6+ 44. Kh5 Kd6 45. Nc6 Kd7 46. Nb8+
Kc7 47. Na6+ Kd7 48. Nb4 Kd6 49. Nc2 Ke6 50. Ne1 Kf7 51. Ng2 Ke6 52. Nh4 Ne7
53. Kh6 Nc8 54. Kxh7 Nd6 55. Ng6 1-0

[Event "26th WSCC 2016 Open 50+"]
[Site "Marianske Lazne, Czech Republic - Hotel Cristal and Continental"]
[Date "2016.11.23"]
[Round "5.66"]
[White "Marsalek, Lubos"]
[Black "De Winter, Gerard"]
[Result "1-0"]
[WhiteElo "1927"]
[BlackElo "1771"]
[PlyCount "65"]
[EventDate "2016.11.19"]

1. d4 d5 2. Nf3 Nf6 3. g3 e6 4. Bg2 Bd6 5. O-O Nbd7 6. Nc3 a6 7. Re1 O-O 8. e4
Nxe4 9. Nxe4 dxe4 10. Ng5 Nf6 11. Nxe4 Nxe4 12. Bxe4 c6 13. c3 f5 14. Bc2 Bd7
15. Qd3 Qf6 16. f4 Rae8 17. Bb3 Kh8 18. Bd2 Re7 19. c4 Rfe8 20. c5 Bc7 21. Bc3
Qg6 22. Kh1 Bc8 23. Re3 Bd8 24. Rae1 Qf7 25. Qe2 Bd7 26. a4 Bc8 27. Bc4 Bd7 28.
b4 Bc8 29. b5 axb5 30. axb5 Bd7 31. b6 h6 32. Qa2 Bc8 33. Qa8 1-0

[Event "26th WSCC 2016 Open 50+"]
[Site "Marianske Lazne, Czech Republic - Hotel Cristal and Continental"]
[Date "2016.11.23"]
[Round "5.67"]
[White "Vlcek, Antonin"]
[Black "Frost, Peter"]
[Result "0-1"]
[WhiteElo "1798"]
[BlackElo "1916"]
[PlyCount "102"]
[EventDate "2016.11.19"]

1. e4 e6 2. d4 d5 3. Nc3 Bb4 4. e5 Qd7 5. a3 Bf8 6. Nf3 b6 7. Bb5 c6 8. Bd3 Ba6
9. b4 Bxd3 10. Qxd3 c5 11. bxc5 bxc5 12. Rb1 c4 13. Qd2 Nc6 14. O-O h5 15. Re1
Nh6 16. Qf4 Be7 17. Nb5 Nf5 18. Ng5 a6 19. Nd6+ Nxd6 20. exd6 Bxd6 21. Qh4 Qc7
22. Bd2 Rb8 23. Rbd1 Rb2 24. c3 Nd8 25. Qh3 Kf8 26. Qf3 Kg8 27. g3 Qe7 28. Qe2
g6 29. Rb1 Qb7 30. Qd1 Kg7 31. Qc1 Rxb1 32. Qxb1 Qxb1 33. Rxb1 Bxa3 34. Ra1 Be7
35. Nf3 Nc6 36. Rxa6 Rc8 37. h4 Bd8 38. Ne5 Nxe5 39. dxe5 Rb8 40. Be3 Rb1+ 41.
Kg2 Rb3 42. Bd4 Be7 43. Kf1 Rb5 44. Rb6 Rxb6 45. Bxb6 f6 46. f4 fxe5 47. fxe5
g5 48. hxg5 Bxg5 49. Kf2 Kg6 50. Kf3 Kf5 51. Bd4 Bh6 0-1

[Event "26th WSCC 2016 Open 50+"]
[Site "Marianske Lazne, Czech Republic - Hotel Cristal and Continental"]
[Date "2016.11.23"]
[Round "5.68"]
[White "Wilkinson, Ian"]
[Black "Molnar, Ladislav"]
[Result "1/2-1/2"]
[WhiteElo "1885"]
[BlackElo "1738"]
[PlyCount "109"]
[EventDate "2016.11.19"]

1. e4 e6 2. d4 c5 3. Nf3 cxd4 4. Nxd4 Bc5 5. Nb3 Bb6 6. Nc3 Ne7 7. Bg5 Nbc6 8.
Qd2 O-O 9. O-O-O a5 10. Bb5 f6 11. Bh4 Qc7 12. Bg3 Ne5 13. Kb1 N7c6 14. f4 Nf7
15. f5 e5 16. h4 Nd4 17. Nxd4 Bxd4 18. Qxd4 exd4 19. Bxc7 dxc3 20. bxc3 Re8 21.
Rd4 Re7 22. Re1 d5 23. Bf4 Bxf5 24. Rxd5 Bxe4 25. Rdd1 Kf8 26. g3 Bc6 27. c4
Rae8 28. Bd2 Rxe1 29. Rxe1 Bxb5 30. cxb5 Rxe1+ 31. Bxe1 Nd6 32. a4 b6 33. Kb2
Ne4 34. Ka3 Ke7 35. Kb3 Kd6 36. c3 f5 37. Ka3 h6 38. h5 Kd5 39. Kb3 Kc5 40. Ka3
Kc4 41. Kb2 Kd3 42. c4 Kxc4 43. Kc2 Kd4 44. Kb2 Kd3 45. Kb3 Ke2 46. Bxa5 bxa5
47. Kc4 Kf3 48. b6 Nf6 49. b7 Nd7 50. Kb5 Kxg3 51. Kc6 Nb8+ 52. Kc7 Na6+ 53.
Kb6 Nb8 54. Kc7 Na6+ 55. Kb6 1/2-1/2

[Event "26th WSCC 2016 Open 50+"]
[Site "Marianske Lazne, Czech Republic - Hotel Cristal and Continental"]
[Date "2016.11.23"]
[Round "5.69"]
[White "Kylar, Miroslav"]
[Black "Koci, Vladimir"]
[Result "1-0"]
[WhiteElo "1851"]
[BlackElo "1636"]
[PlyCount "123"]
[EventDate "2016.11.19"]

1. d4 Nf6 2. c4 c5 3. d5 b5 4. cxb5 a6 5. b6 Qxb6 6. Nc3 g6 7. e4 d6 8. Nf3 Bg4
9. h3 Bxf3 10. Qxf3 Nbd7 11. Qd1 Bg7 12. Be2 O-O 13. O-O Qb4 14. a3 Qb6 15. Rb1
Qc7 16. Be3 Ne8 17. f4 f5 18. exf5 Rxf5 19. Bd3 Rf7 20. f5 Bd4 21. Bxd4 cxd4
22. Ne2 Ne5 23. fxg6 Rxf1+ 24. Qxf1 hxg6 25. Nf4 Ng7 26. Nxg6 Nxd3 27. Qxd3 e5
28. dxe6 Nxe6 29. Qe4 Re8 30. Nf4 Qf7 31. Nxe6 Rxe6 32. Qxd4 Qe7 33. Rf1 Re2
34. Qd5+ Kh8 35. Qh5+ Kg8 36. Qg6+ Kh8 37. Qf6+ Kg8 38. Qxe7 Rxe7 39. Rd1 Rd7
40. Rd5 Kf7 41. b4 Ke6 42. Ra5 d5 43. Rxa6+ Ke5 44. Kf2 Kd4 45. Rg6 Kd3 46. b5
Rf7+ 47. Ke1 Re7+ 48. Kd1 Rf7 49. Rg3+ Kc4 50. a4 Ra7 51. Kd2 Rxa4 52. b6 Rb4
53. Rg6 Rb3 54. h4 Rd3+ 55. Ke2 Rb3 56. h5 d4 57. Rc6+ Kd5 58. Rg6 Kc4 59. h6
Rb2+ 60. Kf3 Rb3+ 61. Kf4 Kd5 62. h7 1-0